Представление документа в формате MARC21

Поле Инд. ПП Название Значение
Тип записи a
Библиографический уровень m
001 Контрольный номер 19c8c09b8c42486c8be8565bdc64a88f
005 Дата корректировки 20191113113501.8
024 80 a Стандартный номер 10.01.10
040 a Служба первич. каталог. НБ ТвГУ
b Код языка каталог. rus
e Правила каталог. PSBO
041 0_ a Код языка текста rus
080 a Индекс УДК 070(043.3)
084 a Индекс другой классификации/Индекс ББК Ч600.00я031
084 a Индекс другой классификации/Индекс ББК С53я031
090 a Полочн. индекс Ч600.00
x Авторский знак Г 93
097 b Оператор Semenova.ZR
100 1_ a Автор Гукасова Мира Михайловна
245 10 a Заглавие Персонализация как способ медийного освещения социокультурных проблем
h Физич. носитель Текст
b Продолж. заглавия автореферат дис. ... кандидата филологических наук : 10.01.10 - журналистика
c Ответственность науч. рук.: Факторович А. Л. ; оппоненты: Тулупов В. В., Печищев И. М.
260 c Дата издания 2019
a Место издания Краснодар
b Издательство б. и.
300 a Объем 29 с.
500 a Примечание На правах рукоп.
502 a Примечание о диссертации Защищена 29.06.2019
653 0_ a Ключевые слова Журналистика
a Ключевые слова Социокультурные проблемы
a Ключевые слова Массмедийное освещение социо-культурных проблем
a Ключевые слова Персонализация в медийном пространстве
a Ключевые слова Медиапространство
a Ключевые слова Сциальная журналистика
a Ключевые слова Медийная личность
a Ключевые слова Публичность в обществе
a Ключевые слова Личность в журналистике
a Ключевые слова Авторефераты
700 12 a Другие авторы Факторович Александр Львович
e Роль лиц Научный руководитель
700 12 a Другие авторы Тулупов Владимир Васильевич
e Роль лиц Оппонент
700 12 a Другие авторы Печищев Иван Михайлович
e Роль лиц Оппонент
710 12 a Организация/ юрисдикция Кубанский государственный университет
e Роль коллектива место выполнения работы
710 12 a Организация/ юрисдикция Северо-Кавказский федеральный университет
e Роль коллектива ведущая организация
710 12 a Организация/ юрисдикция Кубанский государственный университет
e Роль коллектива место защиты
901 t Тип документа d
920 a Оператор Семен
a Оператор Суха
a Оператор Стро
930 a Новая/Ретро новая
952 c Вид литературы А/Р н
954 b Дата поступления в ОК 20191007
a Дата поступления на обработку 20191030
c Дата окончания ОНО 20191113